American Girl Dolls of the Year in Order - Statistics

General Stats
  • This quiz has been taken 21 times
  • The average score is 16 of 24
Answer Stats
Hint Answer % Correct
2012 McKenna
100%
2016 Lea
90%
2015 Grace
80%
2014 Isabelle
80%
2001 Lindsey
80%
2013 Saige
80%
2009 Chrissa
70%
2006 Jess
70%
2011 Kanani
70%
2026 Raquel
70%
2025 Summer
70%
2019 Blaire
60%
2017 Gabriela
60%
2010 Lanie
60%
2018 Luciana
60%
2005 Marisol
60%
2008 Mia
60%
2007 Nicki
60%
2022 Corinne
50%
2020 Joss
50%
2003 Kailey
50%
2023 Kavi
50%
2024 Lila
50%
2021 Kira
40%
No matching quizzes found
Score Distribution
Percent of People with Each Score
Percentile by Number Answered
Your Score History
You have not taken this quiz